| Tag |
First Indicator |
Second Indicator |
Subfields |
| LEADER |
00000cam a2200000 4500 |
| 001 |
in00000035525 |
| 005 |
20151007060825.0 |
| 008 |
720411s1951 nyua 00000 eng u |
| 010 |
|
|
|a 52006322
|
| 035 |
|
|
|a (OCoLC)00280504
|
| 035 |
|
|
|9 AAD0290AM
|
| 040 |
|
|
|c OUN
|d TXA
|d UtOrBLW
|
| 049 |
|
|
|a TXAM
|c [207860]
|
| 050 |
|
0 |
|a GV711
|b .L3
|
| 082 |
0 |
|
|a 796.07
|
| 092 |
|
|
|a 796.07
|b L425p
|
| 100 |
1 |
|
|a Lawther, John Dobson,
|d 1899-
|
| 245 |
1 |
0 |
|a Psychology of coaching.
|
| 264 |
|
1 |
|a New York :
|b Prentice-Hall,
|c 1951.
|
| 300 |
|
|
|a 333 pages :
|b illustrations ;
|c 22 cm.
|
| 336 |
|
|
|a text
|b txt
|2 rdacontent
|
| 337 |
|
|
|a unmediated
|b n
|2 rdamedia
|
| 338 |
|
|
|a volume
|b nc
|2 rdacarrier
|
| 490 |
1 |
|
|a Prentice-Hall physical education series
|
| 650 |
|
0 |
|a Coaching (Athletics)
|
| 830 |
|
0 |
|a Prentice-Hall physical education series.
|
| 999 |
|
|
|a MARS
|
| 999 |
f |
f |
|s cf749341-97ad-33f9-a579-3eac785a935f
|i 363bd643-449f-34fe-94ce-971c0aca2a21
|t 0
|
| 952 |
f |
f |
|p ric
|a Texas A&M University
|b Rellis Campus
|c Joint Library Facility
|d Remote Storage
|t 0
|e GV711 .L3
|h Library of Congress classification
|i unmediated -- volume
|m A14801183484
|
| 998 |
f |
f |
|a GV711 .L3
|t 0
|l Remote Storage
|